| 000 | 00783cam a22002531 4500 | ||
|---|---|---|---|
| 001 | rc 01001629 | ||
| 003 | DLC | ||
| 005 | 20260227111904.0 | ||
| 007 | cr_||||||||||| | ||
| 008 | 780616s1898 ilua j 000 0 eng | ||
| 010 | _arc 01001629 | ||
| 035 | _a(OCoLC)3981874 | ||
| 040 |
_aDLC _cInTI _dInTI _dDLC |
||
| 042 | _apremarc | ||
| 043 | _an-us-in | ||
| 050 | 0 | 0 |
_aF526 _b.G54 |
| 100 | 1 | _aGlascock, Will H. | |
| 245 | 1 | 0 |
_aYoung folks' Indiana; _ba story of triumphant progress, _cby Will H. Glascock. |
| 260 |
_aChicago, _bScott, Foresman and Company, _c1898. |
||
| 300 |
_a210 p. _billus. _c18 cm. |
||
| 530 | _aAlso available in digital form on the Internet Archive Web site. | ||
| 651 | 0 |
_aIndiana _xHistory. |
|
| 856 | 4 | 1 | _uhttp://hdl.loc.gov/loc.gdc/scd0001.00147516848 |
| 999 |
_c52145 _d52145 |
||